| 000 | 00376nam a2200133 i 4500 | ||
|---|---|---|---|
| 001 | bg | ||
| 245 | 0 |
_aEast European research index : _ba guide to East European research including medicine, agriculture and engineering. |
|
| 260 |
_aGuernsey, _c1977. |
||
| 040 | _cBPK | ||
| 041 | _apol | ||
| 080 | _a61+63+62(058) | ||
| 942 | _cKS | ||
| 008 | s pl f |000 0 pol | ||
| 999 |
_c27857 _d27857 |
||
| 856 |
_uhttp://koha.tu.koszalin.pl/cgi-bin/koha/opac-detail.pl?biblionumber=27857 _yKatalog online BPK |
||